000 00484nam a22001697a 4500
999 _c1168
_d1168
003 OSt
005 20181101142643.0
008 180908b ||||| |||| 00| 0 eng d
040 _cDLC
082 _a222.1
_bW648B
100 _aWiersbe, Warren W.
245 _aBe basic :
_bbelieving the simple truth of God's word : OT commentary, Genesis 1-11
_cWarren W. Wiersbe
260 _aIndia :
_bDavid Cook,
_cc1998.
300 _a180 p.:
650 _aBible - Genesis I-XI
942 _2ddc
_cBK